[Event "Osh zt 3.4"]
[Site "Osh"]
[Date "2013.06.14"]
[Round "8"]
[White "Asanov, Turgun"]
[Black "Haitbaev, Hayrulla"]
[Result "0-1"]
[WhiteElo "2022"]
[BlackElo "2109"]
[PlyCount "100"]
[EventDate "2013.06.07"]
[EventType "swiss"]
[EventRounds "9"]
[EventCountry "KGZ"]
[SourceTitle "CBM 154 Extra"]
[Source "ChessBase"]
[SourceDate "2013.06.25"]
[SourceVersion "2"]
[SourceVersionDate "2013.06.25"]
[SourceQuality "1"]

1. e4 c5 2. Nf3 d6 3. d4 cxd4 4. Nxd4 Nf6 5. Nc3 a6 6. Be2 g6 7. 0-0 Bg7 8. Be3 0-0 9. h3 Nc6 10. Qd2 Re8 11. Rfd1 Qc7 12. f4 Bd7 13. Nb3 Na5 14. Nxa5 Qxa5 15. Bf3 Rac8 16. e5 dxe5 17. fxe5 Qxe5 18. Bd4 Qc7 19. Bxf6 exf6 20. Qxd7 Re1+ 21. Kf2 Qxd7 22. Rxd7 Rxa1 23. Bd5 f5 24. Rxf7 Kh8 25. Bxb7 Rb8 26. Ke2 Bxc3 27. bxc3 Rxa2 28. Kd2 a5 29. c4 Rb2 30. Bd5 Rc8 31. Ra7 Rc5 32. Kc3 Rb8 33. Kd4 Rbc8 34. h4 R8c7 35. Rxc7 Rxc7 36. c5 Kg7 37. c6 Kf6 38. Kc5 Ke5 39. Bb3 Rc8 40. Ba4 Ke6 41. c4 Ke7 42. Bb5 Kd8 43. Kb6 Rb8+ 44. Kxa5 Kc7 45. Kb4 Re8 46. h5 gxh5 47. Kc3 Rg8 48. Kd4 Rxg2 49. c5 h4 50. Ke3 h3 0-1

[Event "KGZ-ch"]
[Site "Bishkek"]
[Date "2012.04.10"]
[Round "10"]
[White "Vilinsky, Vladimir"]
[Black "Asanov, Turgun"]
[Result "1-0"]
[WhiteElo "2070"]
[BlackElo "2007"]
[PlyCount "107"]
[EventDate "2012.04.01"]
[EventType "swiss"]
[EventRounds "11"]
[EventCountry "KGZ"]
[SourceTitle "EXT 2013"]
[Source "ChessBase"]
[SourceDate "2012.11.22"]
[SourceVersion "1"]
[SourceVersionDate "2012.11.22"]
[SourceQuality "1"]

1. e4 e6 2. d3 d5 3. Nd2 c5 4. Ngf3 Nf6 5. g3 Nc6 6. Bg2 Be7 7. 0-0 0-0 8. Re1 Re8 9. e5 Nd7 10. Nf1 Qc7 11. Bf4 h6 12. h4 Nf8 13. h5 Qd8 14. Qd2 f5 15. c3 Nh7 16. a3 Rf8 17. Qe2 a5 18. c4 d4 19. b3 Bd7 20. N1d2 Kh8 21. Nh2 Be8 22. Bf3 Rb8 23. Kg2 Ng5 24. Bxg5 Bxg5 25. Nb1 a4 26. bxa4 Ra8 27. Ra2 Rxa4 28. Rb2 Qc7 29. Rb5 b6 30. Rb2 Bd7 31. Kg1 Na7 32. Qd1 Ra6 33. Bg2 Rb8 34. f4 Be7 35. g4 b5 36. gxf5 exf5 37. Bd5 Be8 38. Qf3 bxc4 39. Rxb8 Qxb8 40. dxc4 Ba4 41. Nd2 Bc2 42. Bf7 Qd8 43. Nhf1 Nc6 44. Bd5 Na5 45. Rc1 Ba4 46. e6 Rb6 47. Qd3 Qf8 48. Ng3 Bd6 49. Nxf5 Bxf4 50. Nh4 Be8 51. Rf1 Qf6 52. Ng2 g5 53. hxg6 Bxg6 54. Rxf4 1-0